Biggest Cities in the United States in 1820 - Statistics

General Stats
  • This quiz has been taken 9 times
  • The average score is 49 of 100
Answer Stats
Population State City % Correct
62,738 MD Baltimore
100%
32,298 MA Boston
100%
24,780 SC Charleston
100%
27,176 LA New Orleans
100%
123,706 NY New York
100%
63,802 PA Philadelphia
100%
11,767 RI Providence
100%
12,607 VA Richmond
100%
13,247 DC Washington
100%
12,630 NY Albany
88%
9,642 OH Cincinnati
88%
12,731 MA Salem
88%
2,990 PA Harrisburg
75%
6,633 PA Lancaster
75%
8,478 VA Norfolk
75%
7,248 PA Pittsburgh
75%
7,523 GA Savannah
75%
8,218 VA Alexandria
63%
7,175 NY Brooklyn
63%
2,838 NH Concord
63%
7,360 DC Georgetown
63%
3,790 CT Greenwich
63%
4,726 CT Hartford
63%
7,266 MA Nantucket
63%
6,507 NJ Newark
63%
7,147 CT New Haven
63%
7,319 RI Newport
63%
19,678 PA Northern Liberties
63%
7,327 NH Portsmouth
63%
4,332 PA Reading
63%
14,713 PA Southwark
63%
3,914 MA Springfield
63%
3,942 NJ Trenton
63%
5,268 DE Wilmington
63%
2,633 NC Wilmington
63%
2,962 MA Worcester
63%
4,238 MA Beverly
50%
3,197 RI Bristol
50%
2,908 PA Carlisle
50%
6,591 MA Charlestown
50%
2,653 RI Cumberland
50%
2,871 NH Dover
50%
6,384 MA Gloucester
50%
2,670 MD Hagerstown
50%
5,310 NY Hudson
50%
7,118 PA Kensington
50%
5,279 KY Lexington
50%
4,012 KY Louisville
50%
2,983 CT Norwich
50%
6,690 VA Petersburg
50%
4,348 MA Plymouth
50%
2,674 NC Raleigh
50%
3,545 PA York
50%
3,515 NJ Elizabeth
38%
4,151 CT Fairfield
38%
3,042 CT Farmington
38%
3,640 MD Frederick
38%
4,664 CT Groton
38%
3,070 MA Haverhill
38%
4,069 CT Lyme
38%
4,515 MA Lynn
38%
8,581 ME Maine
38%
4,369 NY Middletown
38%
2,618 CT Middletown
38%
3,947 MA New Bedford
38%
6,852 MA Newburyport
38%
3,330 CT New London
38%
3,004 CT Norwalk
38%
2,830 NJ Orange
38%
2,768 MA Pittsfield
38%
3,939 NY Schenectady
38%
4,678 RI Smithfield
38%
3,723 RI South Kingstown
38%
3,498 PA Spring Garden
38%
4,520 MA Taunton
38%
5,264 NY Troy
38%
2,972 NY Utica
38%
3,889 MA Andover
25%
2,877 CT Berlin
25%
3,139 RI Coventry
25%
3,977 NJ Evesham
25%
3,532 NC Fayetteville
25%
3,071 NJ Franklin
25%
2,592 NJ Hackensack
25%
3,127 NH Londonderry
25%
5,630 MA Marblehead
25%
3,663 NC New Bern
25%
4,226 NJ Woodbridge
25%
3,873 CT Danbury
13%
4,165 CT Deep River
13%
3,159 CT East Hampton
13%
3,375 CT East Hartford
13%
3,752 NH Gilmanton
13%
3,114 CT Glastonbury
13%
3,012 CT Granby
13%
4,687 MA Middleborough
13%
2,873 NY Nassau
13%
2,648 NJ Piscataway
13%
4,135 MA Roxbury
13%
3,406 NJ South Amboy
13%
No matching quizzes found
Score Distribution
Percent of People with Each Score
Percentile by Number Answered
Your Score History
You have not taken this quiz